[Event "FRA-chT Top 16 Gp Haute"]
[Site "Chartres"]
[Date "2023.06.11"]
[Round "4.1"]
[White "Cornette, Matthieu"]
[Black "Le Roux, Jean Pierre"]
[Result "1/2-1/2"]
[WhiteElo "2578"]
[BlackElo "2509"]
[PlyCount "53"]
[EventDate "2023.06.08"]
[EventType "team-tourn"]
[EventRounds "4"]
[EventCountry "FRA"]
[SourceTitle "CBM 214 Extra"]
[Source "ChessBase"]
[SourceDate "2023.07.31"]
[SourceVersion "1"]
[SourceVersionDate "2023.07.31"]
[SourceQuality "1"]
[WhiteTeam "Asnieres"]
[BlackTeam "Bischwiller"]
[WhiteTeamCountry "FRA"]
[BlackTeamCountry "FRA"]

1. e4 c6 2. d4 d5 3. exd5 cxd5 4. c3 Nf6 5. Bf4 Nc6 6. Bd3 g6 7. Nf3 Bf5 8. Bxf5 gxf5 9. Ne5 e6 10. 0-0 Rg8 11. Nd2 Bd6 12. Nxc6 bxc6 13. Bxd6 Qxd6 14. Nf3 Qf4 15. g3 Qg4 16. Ne5 Qxd1 17. Rfxd1 Rc8 18. Rac1 Nd7 19. Nd3 Ke7 20. c4 dxc4 21. Rxc4 Rgd8 22. Nb4 Ne5 23. Rc3 c5 24. Nc2 cxd4 25. Rxc8 Rxc8 26. Nxd4 Kf6 27. Kf1 1/2-1/2

[Event "FRA-chT Top 16 GpB"]
[Site "Chartres"]
[Date "2023.06.03"]
[Round "3.1"]
[White "Cornette, Matthieu"]
[Black "Tregubov, Pavel V"]
[Result "1/2-1/2"]
[WhiteElo "2578"]
[BlackElo "2553"]
[PlyCount "41"]
[EventDate "2023.06.01"]
[EventType "team-tourn"]
[EventRounds "7"]
[EventCountry "FRA"]
[SourceTitle "CBM 214 Extra"]
[Source "ChessBase"]
[SourceDate "2023.07.31"]
[SourceVersion "1"]
[SourceVersionDate "2023.07.31"]
[SourceQuality "1"]
[WhiteTeam "Asnieres"]
[BlackTeam "Clichy Echecs 92"]
[WhiteTeamCountry "FRA"]
[BlackTeamCountry "FRA"]

1. d4 d5 2. c4 c6 3. Nf3 Nf6 4. g3 Bf5 5. Nc3 e6 6. Nh4 Be4 7. f3 Bg6 8. Qb3 Qd7 9. e4 dxe4 10. Nxg6 hxg6 11. fxe4 Qxd4 12. Qxb7 Bc5 13. Qc8+ Qd8 14. Qxd8+ Kxd8 15. Bf4 Nbd7 16. Rd1 Ng4 17. Na4 Bb4+ 18. Ke2 e5 19. Bg5+ f6 20. Bh4 Ke8 21. Bh3 1/2-1/2

[Event "Titled Tuesday intern op 11th Apr Early"]
[Site "Chess.com INT"]
[Date "2023.04.11"]
[Round "4"]
[White "Cornette, Matthieu"]
[Black "Eynullayev, Atilla Elshan"]
[Result "1-0"]
[WhiteElo "2565"]
[BlackElo "2281"]
[PlyCount "25"]
[EventDate "2023.04.11"]
[EventType "swiss (blitz)"]
[EventRounds "11"]
[EventCountry "USA"]
[SourceTitle "CBM 213 Extra"]
[Source "ChessBase"]
[SourceDate "2023.05.31"]
[SourceVersion "1"]
[SourceVersionDate "2023.05.31"]
[SourceQuality "1"]

1. Nc3 d5 2. d4 Nf6 3. Bf4 e6 4. Nb5 Bb4+ 5. c3 Ba5 6. e3 a6 7. Na3 Nbd7 8. Bd3 0-0 9. Nf3 c5 10. Ne5 Bc7 11. Qf3 b5 12. Nc6 Qe8 13. Bxc7 1-0

[Event "Reykjavik op"]
[Site "Reykjavik"]
[Date "2023.04.03"]
[Round "8"]
[White "Demuth, Adrien"]
[Black "Cornette, Matthieu"]
[Result "1/2-1/2"]
[WhiteElo "2475"]
[BlackElo "2563"]
[PlyCount "38"]
[EventDate "2023.03.29"]
[EventType "swiss"]
[EventRounds "9"]
[EventCountry "ISL"]
[SourceTitle "CBM 213 Extra"]
[Source "ChessBase"]
[SourceDate "2023.05.31"]
[SourceVersion "1"]
[SourceVersionDate "2023.05.31"]
[SourceQuality "1"]

1. c4 Nf6 2. Nc3 e5 3. Nf3 Nc6 4. e4 Bb4 5. d3 d6 6. a3 Bc5 7. b4 Bb6 8. Na4 Bd4 9. Rb1 Bg4 10. Be2 Bxf3 11. Bxf3 a6 12. Bd2 Ba7 13. 0-0 Nd4 14. Nc3 c6 15. a4 0-0 16. g3 b5 17. cxb5 cxb5 18. axb5 Nxb5 19. Nxb5 axb5 1/2-1/2

[Event "Reykjavik op"]
[Site "Reykjavik"]
[Date "2023.04.02"]
[Round "7"]
[White "Cornette, Matthieu"]
[Black "Richter, Michael"]
[Result "1-0"]
[WhiteElo "2563"]
[BlackElo "2466"]
[PlyCount "47"]
[EventDate "2023.03.29"]
[EventType "swiss"]
[EventRounds "9"]
[EventCountry "ISL"]
[SourceTitle "CBM 213 Extra"]
[Source "ChessBase"]
[SourceDate "2023.05.31"]
[SourceVersion "1"]
[SourceVersionDate "2023.05.31"]
[SourceQuality "1"]

1. e4 e6 2. d4 d5 3. Nd2 Be7 4. Ngf3 Nf6 5. e5 Nfd7 6. Bd3 c5 7. c3 Nc6 8. 0-0 a5 9. a4 b6 10. Nb1 Ba6 11. Bxa6 Rxa6 12. Na3 0-0 13. Bf4 Ra8 14. Re1 cxd4 15. cxd4 Qb8 16. Ng5 Rc8 17. Re3 Nf8 18. Nb5 Nb4 19. Rh3 Bxg5 20. Bxg5 Rc2 21. Rb1 Rc6 22. Rg3 Qb7 23. h4 Qd7 24. h5 1-0

[Event "Reykjavik op"]
[Site "Reykjavik"]
[Date "2023.03.31"]
[Round "4"]
[White "Cornette, Matthieu"]
[Black "Yilmaz, Mustafa"]
[Result "1/2-1/2"]
[WhiteElo "2563"]
[BlackElo "2629"]
[PlyCount "39"]
[EventDate "2023.03.29"]
[EventType "swiss"]
[EventRounds "9"]
[EventCountry "ISL"]
[SourceTitle "CBM 213 Extra"]
[Source "ChessBase"]
[SourceDate "2023.05.31"]
[SourceVersion "1"]
[SourceVersionDate "2023.05.31"]
[SourceQuality "1"]

1. e4 e5 2. Nf3 Nc6 3. Bb5 a6 4. Ba4 Nf6 5. 0-0 Be7 6. d3 b5 7. Bb3 d6 8. c3 0-0 9. h3 Bb7 10. Re1 Na5 11. Bc2 c5 12. d4 exd4 13. cxd4 Nc6 14. Nc3 cxd4 15. Nxd4 Nxd4 16. Qxd4 Rc8 17. Bf4 d5 18. exd5 Rc4 19. Qe5 Nxd5 20. Nxd5 1/2-1/2

[Event "Titled Tuesday intern op 14th Mar Early"]
[Site "Chess.com INT"]
[Date "2023.03.14"]
[Round "10"]
[White "Ginzburg, Yakov"]
[Black "Cornette, Matthieu"]
[Result "0-1"]
[WhiteElo "2405"]
[BlackElo "2563"]
[PlyCount "76"]
[EventDate "2023.03.14"]
[EventType "swiss (blitz)"]
[EventRounds "11"]
[EventCountry "USA"]
[SourceTitle "EXT 2024"]
[Source "ChessBase"]
[SourceDate "2023.10.10"]
[SourceVersion "1"]
[SourceVersionDate "2023.10.10"]
[SourceQuality "1"]

1. e4 Nf6 2. e5 Nd5 3. c4 Nb6 4. c5 Nd5 5. Nc3 e6 6. d4 d6 7. Nxd5 exd5 8. cxd6 cxd6 9. Nf3 Nc6 10. Be2 dxe5 11. dxe5 Be7 12. 0-0 Be6 13. Bf4 0-0 14. Qd2 Qb6 15. Be3 Qb4 16. Qxb4 Bxb4 17. Rfd1 Rfd8 18. Rac1 h6 19. a3 Ba5 20. Bb5 Rdc8 21. Bxc6 bxc6 22. Nd4 Bd7 23. f4 Bb6 24. Nc2 Bg4 25. Rd2 Bf5 26. Kf2 Be4 27. Nb4 d4 28. Rxd4 Bxd4 29. Bxd4 a5 30. Na2 Rab8 31. Ke3 Bxg2 32. Rg1 Bd5 33. Nc3 Rxb2 34. Nxd5 Rb3+ 35. Nc3 c5 36. Ke4 cxd4 37. Nd5 Rc2 38. f5 d3 0-1

[Event "Titled Tuesday intern op 14th Mar Early"]
[Site "Chess.com INT"]
[Date "2023.03.14"]
[Round "8"]
[White "Rohit, Krishna S"]
[Black "Cornette, Matthieu"]
[Result "1-0"]
[WhiteElo "2380"]
[BlackElo "2563"]
[PlyCount "43"]
[EventDate "2023.03.14"]
[EventType "swiss (blitz)"]
[EventRounds "11"]
[EventCountry "USA"]
[SourceTitle "EXT 2024"]
[Source "ChessBase"]
[SourceDate "2023.10.10"]
[SourceVersion "1"]
[SourceVersionDate "2023.10.10"]
[SourceQuality "1"]

1. Nf3 Nf6 2. g3 b6 3. Bg2 Bb7 4. 0-0 g6 5. d4 Bg7 6. c4 0-0 7. Nc3 Ne4 8. Qc2 Nxc3 9. bxc3 f5 10. a4 Be4 11. Qd2 Nc6 12. Ba3 Na5 13. c5 Nb3 14. Qa2 Bd5 15. Nd2 Nxd2 16. Bxd5+ e6 17. Bxa8 Nxf1 18. Bg2 Nxh2 19. Kxh2 f4 20. gxf4 Rxf4 21. e3 Qg5 22. exf4 1-0

[Event "BL2-Sued 2223"]
[Site "Germany"]
[Date "2023.02.26"]
[Round "8.5"]
[White "Zuferi, Enis"]
[Black "Cornette, Matthieu"]
[Result "1-0"]
[WhiteElo "2332"]
[BlackElo "2572"]
[PlyCount "93"]
[EventDate "2022.10.22"]
[EventType "team-tourn"]
[EventRounds "9"]
[EventCountry "GER"]
[SourceTitle "EXT 2024"]
[Source "ChessBase"]
[SourceDate "2023.10.10"]
[SourceVersion "1"]
[SourceVersionDate "2023.10.10"]
[SourceQuality "1"]
[WhiteTeam "Heilbronn"]
[BlackTeam "Oetigheim"]
[WhiteTeamCountry "GER"]
[BlackTeamCountry "GER"]

1. d4 Nf6 2. c4 e6 3. Nc3 d5 4. cxd5 exd5 5. Bg5 c6 6. e3 Bd6 7. Bd3 0-0 8. Qc2 h6 9. Bh4 Re8 10. Nge2 a5 11. h3 Na6 12. a3 Nc7 13. 0-0 Ne6 14. f3 Be7 15. Rad1 Nh5 16. Bf2 Bh4 17. g3 Ng5 18. gxh4 Nxh3+ 19. Kg2 Nxf2 20. Rxf2 Rxe3 21. Qd2 Re8 22. Rh1 Qd6 23. f4 Bg4 24. Ng3 Nxg3 25. Kxg3 h5 26. Re1 Rxe1 27. Qxe1 Qd7 28. f5 Re8 29. Qd2 Qd6+ 30. Kg2 Qf6 31. Qg5 Kf8 32. Qxf6 gxf6 33. Be2 Re3 34. Bxg4 hxg4 35. Rf4 Rd3 36. Rxg4 Rd2+ 37. Kh3 Rxb2 38. h5 Rc2 39. Nd1 Rd2 40. Ne3 Re2 41. Nf1 Re8 42. h6 Ke7 43. Kh4 Rh8 44. Kh5 b5 45. Rg3 Kd6 46. Rg7 Ke7 47. h7 1-0

[Event "Montendre Blitz op"]
[Site "Montendre"]
[Date "2023.02.18"]
[Round "6"]
[White "Cornette, Matthieu"]
[Black "Larkin, Vladislav"]
[Result "0-1"]
[WhiteElo "2565"]
[BlackElo "2441"]
[PlyCount "142"]
[EventDate "2023.02.18"]
[EventType "swiss (blitz)"]
[EventRounds "11"]
[EventCountry "FRA"]
[SourceTitle "CBM 212 Extra"]
[Source "ChessBase"]
[SourceDate "2023.03.31"]
[SourceVersion "1"]
[SourceVersionDate "2023.03.31"]
[SourceQuality "1"]

1. e4 c5 2. Nf3 e6 3. d4 cxd4 4. Nxd4 a6 5. h3 Nf6 6. Bd3 Qc7 7. 0-0 Bc5 8. Nb3 Be7 9. c4 d6 10. Nc3 Nbd7 11. Be3 Ne5 12. Rc1 Nxd3 13. Qxd3 Bd7 14. Nd4 Rc8 15. b3 0-0 16. f4 Qa5 17. Nf3 Bc6 18. Bd4 b5 19. cxb5 axb5 20. e5 dxe5 21. Nxe5 Ba3 22. Rc2 Bb7 23. Qg3 Bc5 24. Bxc5 Rxc5 25. Nd3 Rc7 26. b4 Qa7+ 27. Nc5 Qa3 28. N3e4 Qxg3 29. Nxg3 Nd5 30. Rb1 Ra8 31. Ne2 Ne3 32. Rc3 Nd5 33. Rc2 Nb6 34. Nd4 Rcc8 35. Nxb5 Be4 36. Rbc1 Bxc2 37. Rxc2 Nd5 38. a3 Nxf4 39. Nd6 Rd8 40. Ncb7 Rd7 41. a4 h5 42. a5 h4 43. b5 Nd5 44. a6 Nb4 45. Rc4 Nxa6 46. bxa6 Rxa6 47. Rxh4 Raxd6 48. Nxd6 Rxd6 49. Kf2 Rd5 50. Re4 g5 51. g4 Kg7 52. Kg2 Kg6 53. Ra4 Rd3 54. Ra6 Re3 55. Rb6 Kf6 56. Rb5 Re5 57. Rb7 Rd5 58. Ra7 Kg6 59. Rb7 f5 60. Rb6 Rd2+ 61. Kf3 Rd3+ 62. Kg2 Kf6 63. gxf5 Kxf5 64. Rb8 Rd5 65. Rf8+ Ke4 66. Rf6 e5 67. Rg6 Kf5 68. Rg8 e4 69. Rf8+ Ke5 70. Kg3 Kd4 71. Kf2 Ke5 0-1

[Event "Montendre Blitz op"]
[Site "Montendre"]
[Date "2023.02.18"]
[Round "5"]
[White "Demuth, Adrien"]
[Black "Cornette, Matthieu"]
[Result "1-0"]
[WhiteElo "2473"]
[BlackElo "2565"]
[PlyCount "87"]
[EventDate "2023.02.18"]
[EventType "swiss (blitz)"]
[EventRounds "11"]
[EventCountry "FRA"]
[SourceTitle "CBM 212 Extra"]
[Source "ChessBase"]
[SourceDate "2023.03.31"]
[SourceVersion "1"]
[SourceVersionDate "2023.03.31"]
[SourceQuality "1"]

1. g3 d5 2. Bg2 Nf6 3. d3 c5 4. Nc3 Nc6 5. e4 d4 6. Nce2 e5 7. f4 Bd6 8. Nf3 Bd7 9. 0-0 Qc8 10. f5 Qc7 11. h3 h5 12. c4 dxc3 13. bxc3 c4 14. Be3 cxd3 15. Qxd3 Na5 16. Rfd1 Nc4 17. Bf2 Bc5 18. Rab1 Bxf2+ 19. Kxf2 Qc5+ 20. Ned4 exd4 21. cxd4 Qc7 22. e5 Nd5 23. Rdc1 b5 24. Nd2 Bc6 25. Nxc4 bxc4 26. Qxc4 0-0 27. Qxc6 Qxc6 28. Rxc6 Rad8 29. Bxd5 Rxd5 30. Ke3 Rfd8 31. Rb4 a5 32. Rbc4 Kh7 33. Ke4 Rb5 34. Rc8 Rxc8 35. Rxc8 Rb2 36. d5 Rxa2 37. d6 Rd2 38. Ke3 Rd1 39. Rc4 g6 40. Rd4 Re1+ 41. Kd3 Rd1+ 42. Kc4 Rc1+ 43. Kd5 Rc8 44. d7 1-0

[Event "Montendre Blitz op"]
[Site "Montendre"]
[Date "2023.02.18"]
[Round "1"]
[White "Draye, Robin"]
[Black "Cornette, Matthieu"]
[Result "0-1"]
[WhiteElo "1242"]
[BlackElo "2565"]
[PlyCount "50"]
[EventDate "2023.02.18"]
[EventType "swiss (blitz)"]
[EventRounds "11"]
[EventCountry "FRA"]
[SourceTitle "CBM 212 Extra"]
[Source "ChessBase"]
[SourceDate "2023.03.31"]
[SourceVersion "1"]
[SourceVersionDate "2023.03.31"]
[SourceQuality "1"]

1. e4 c5 2. c3 e6 3. d4 d5 4. exd5 exd5 5. Nf3 Nf6 6. h3 Bd6 7. Bg5 0-0 8. Be2 Be6 9. 0-0 Nc6 10. Nbd2 h6 11. Bh4 c4 12. b3 cxb3 13. Nxb3 g5 14. Nxg5 hxg5 15. Bxg5 Be7 16. Nd2 Nh7 17. Bf4 Bd6 18. Bxd6 Qxd6 19. Bd3 Nf6 20. Nf3 Qf4 21. Re1 Kh8 22. Bc2 Rg8 23. g3 Bxh3 24. Kh2 Ng4+ 25. Kh1 Nxf2+ 0-1

[Event "Montendre Blitz op"]
[Site "Montendre"]
[Date "2023.02.18"]
[Round "9"]
[White "Msellek, Ilyass"]
[Black "Cornette, Matthieu"]
[Result "0-1"]
[WhiteElo "2406"]
[BlackElo "2565"]
[PlyCount "50"]
[EventDate "2023.02.18"]
[EventType "swiss (blitz)"]
[EventRounds "11"]
[EventCountry "FRA"]
[SourceTitle "CBM 212 Extra"]
[Source "ChessBase"]
[SourceDate "2023.03.31"]
[SourceVersion "1"]
[SourceVersionDate "2023.03.31"]
[SourceQuality "1"]

1. e4 c5 2. Nf3 Nc6 3. Bb5 g6 4. c3 Nf6 5. Qa4 e5 6. 0-0 Bg7 7. Bxc6 bxc6 8. Nxe5 0-0 9. Nf3 d5 10. e5 Nd7 11. d4 cxd4 12. cxd4 c5 13. dxc5 Nxc5 14. Qa3 Ne4 15. Nc3 Bg4 16. Nxe4 dxe4 17. Ng5 Bxe5 18. Nxe4 Be2 19. Re1 Qh4 20. Ng3 Rad8 21. Be3 Bg4 22. Bc5 Rfe8 23. Bxa7 h5 24. Bb6 Ra8 25. Be3 Rxa3 0-1

[Event "Cap d'Agde Express Poule-B"]
[Site "Cap d'Agde"]
[Date "2022.11.05"]
[Round "3"]
[White "Bauer, Christian"]
[Black "Cornette, Matthieu"]
[Result "1-0"]
[WhiteElo "2615"]
[BlackElo "2574"]
[PlyCount "97"]
[EventDate "2022.11.05"]
[EventType "tourn (blitz)"]
[EventRounds "7"]
[EventCountry "FRA"]
[EventCategory "11"]
[SourceTitle "EXT 2024"]
[Source "ChessBase"]
[SourceDate "2023.10.10"]
[SourceVersion "1"]
[SourceVersionDate "2023.10.10"]
[SourceQuality "1"]

1. Nc3 d5 2. Nf3 Nf6 3. d3 c5 4. g3 Nc6 5. Bg2 Bg4 6. h3 Bh5 7. 0-0 e6 8. a3 Be7 9. e4 d4 10. Ne2 e5 11. Nh2 Nd7 12. f4 f6 13. c3 Qb6 14. c4 a5 15. b3 Qa6 16. g4 Bf7 17. Rb1 b5 18. a4 bxa4 19. bxa4 Nb4 20. Nf3 Nxd3 21. Ng3 Nxc1 22. Rxc1 Bxc4 23. Nf5 g6 24. fxe5 gxf5 25. exf5 Bxf1 26. Bxf1 Qc6 27. Bb5 Qe4 28. e6 0-0 29. exd7 Bd6 30. Qf1 Kh8 31. Re1 Qf4 32. Re8 Qg3+ 33. Qg2 Qxg2+ 34. Kxg2 d3 35. Re6 Bf4 36. Bxd3 Rab8 37. Bb5 Rfd8 38. Re8+ Kg7 39. Re7+ Kg8 40. h4 Kh8 41. g5 c4 42. g6 hxg6 43. fxg6 Rxb5 44. axb5 Bc7 45. h5 c3 46. Nd4 Bb6 47. Kf3 a4 48. Nc2 Bc7 49. Ke4 1-0

[Event "Cap d'Agde Express Poule-B"]
[Site "Cap d'Agde"]
[Date "2022.11.05"]
[Round "7"]
[White "Cornette, Matthieu"]
[Black "Pourkashiyan, Atousa"]
[Result "0-1"]
[WhiteElo "2574"]
[BlackElo "2322"]
[PlyCount "98"]
[EventDate "2022.11.05"]
[EventType "tourn (blitz)"]
[EventRounds "7"]
[EventCountry "FRA"]
[EventCategory "11"]
[SourceTitle "EXT 2024"]
[Source "ChessBase"]
[SourceDate "2023.10.10"]
[SourceVersion "1"]
[SourceVersionDate "2023.10.10"]
[SourceQuality "1"]

1. e4 e5 2. Nc3 Nf6 3. d4 exd4 4. Qxd4 Nc6 5. Qd3 Bb4 6. Bd2 0-0 7. 0-0-0 Re8 8. Nge2 Ne5 9. Qg3 Ng6 10. Bg5 Be7 11. h4 h5 12. Nd4 d6 13. Bc4 Ng4 14. Bxe7 Qxe7 15. f3 N4e5 16. Bb3 c6 17. Nf5 Bxf5 18. exf5 Nf8 19. Ne4 Nh7 20. Rxd6 Kh8 21. Rhd1 Nf6 22. Nxf6 gxf6 23. Qf4 Kh7 24. g4 Rad8 25. Rxd8 Rxd8 26. Rxd8 Qxd8 27. g5 Qd6 28. Qe4 Qc5 29. c3 Qg1+ 30. Bd1 Qf1 31. Kc2 Qf2+ 32. Be2 b5 33. gxf6 Qc5 34. Qd4 Qxd4 35. cxd4 Nd7 36. f4 Nxf6 37. Bf3 Nd5 38. a3 Nxf4 39. Bxc6 Kg7 40. Bxb5 Kf6 41. Bd3 Ng2 42. Be4 Nxh4 43. Kd3 Nxf5 44. Bxf5 Kxf5 45. Ke3 Ke6 46. Ke4 f5+ 47. Kf4 h4 48. b4 Kd5 49. b5 Kxd4 0-1

[Event "Cap d'Agde Express Poule-B"]
[Site "Cap d'Agde"]
[Date "2022.11.05"]
[Round "5"]
[White "Gozzoli, Yannick"]
[Black "Cornette, Matthieu"]
[Result "1-0"]
[WhiteElo "2586"]
[BlackElo "2574"]
[PlyCount "31"]
[EventDate "2022.11.05"]
[EventType "tourn (blitz)"]
[EventRounds "7"]
[EventCountry "FRA"]
[EventCategory "11"]
[SourceTitle "EXT 2024"]
[Source "ChessBase"]
[SourceDate "2023.10.10"]
[SourceVersion "1"]
[SourceVersionDate "2023.10.10"]
[SourceQuality "1"]

1. d4 d5 2. c4 e6 3. Nf3 Nf6 4. g3 Bb4+ 5. Bd2 a5 6. Bg2 0-0 7. 0-0 dxc4 8. Qc1 b6 9. a3 Bxd2 10. Nbxd2 Bb7 11. Nxc4 Nbd7 12. Rd1 Qe7 13. Nfe5 Bxg2 14. Kxg2 c5 15. Nc6 Qe8 16. Nd6 1-0